000 00872nam a2200241 a 4500
001 000019460
005 20200929170026.0
008 100629s2008 es c 000 0bspa d
020 _a9788497647502
040 _aDO-SdBNP
_bspa
_cBNPHU
082 _a923.1
_bD538
100 1 _aSánchez Horcajo, Irene,
_d1978-
_941794
245 1 0 _aDiana princesa de Gales /
_cIrene Sánchez Horcajo ; coordinador general Felipe Sen ; coordinador de colección Mar de Ventura Fernández.
260 _aMadrid, España :
_bEdimat,
_c2008.
300 _a189 p. :
_bretrs. ;
_c22 cm.
490 1 _aMujeres en la historia
504 _aIncluye bibliografías (p. 189)
600 1 4 _aDIANA, PRINCESA DE GALES,
_d1961-1997
_941795
700 1 _aSen, Felipe
_ecoord.
_941707
700 1 _aVentura Fernández, Mar de,
_ecoord.
_941759
830 0 _aMujeres en la historia
_941760
049 _aBNPD
999 _c18976
_d18976